000
00244 a2200097 4500
001
51307
100
_a
Tichy H J
245
_a
Effective Writing for Engineers Managers Scientists
260
_a
New York
_b
John Wiley
_c
090
_c
32498
_d
32498
942
_a
NUST-CAE
_c
M
_c
25000
999
_c
286380
_d
286380